00392nam a22001457a 450000500170000000800410001702200130005804100120007108200120008310000120009524500350010726000470014230000310018965000260022020240904064256.0240904b |||||||| |||| 00| 0 eng d a10246991 aEnglish a349 NAM lEnglish aThe Namibian Law Reports 2016  aCape Town: bJuta and Company Ltd, c2016  bxxiv, 306 pages; c26 cm.  aLegal practice bLaw